000 00788nam a2200181Ia 4500
008 090630s9999 xx 000 0 und d
082 _b21382
100 _aकोपर्डेकर शरदचंद्र.
245 _aश्रीदत्त महाराज कवीश्वर भाग 3.
_cकोपर्डेकर शरदचंद्र.
260 _b---
_c1999
300 _a191
600 _aकोपर्डेकर शरदचंद्र.
630 _aश्रीदत्त महाराज कवीश्वर भाग 3.
655 _aधार्मिक.
700 _aकोपर्डेकर शरदचंद्र.
730 _aश्रीदत्त महाराज कवीश्वर भाग 3.
942 _cBOOK
999 _c273238
_d273238